Welcome to WEB OPAC of MRSPTU Central Library

Computer Applications in Pharmaceutical Research and Development (Record no. 7277)

MARC details
000 -LEADER
fixed length control field 00443nam a2200169Ia 4500
008 - FIXED-LENGTH DATA ELEMENTS--GENERAL INFORMATION
fixed length control field 230711s9999||||xx |||||||||||||| ||und||
020 ## - INTERNATIONAL STANDARD BOOK NUMBER
International Standard Book Number 978-81-265-6955-7
041 ## - LANGUAGE CODE
Language code of text/sound track or separate title ENG
082 ## - DEWEY DECIMAL CLASSIFICATION NUMBER
Classification number 615.10285
Item number EK-C
100 ## - MAIN ENTRY--PERSONAL NAME
Personal name Ekins,Sean
245 #0 - TITLE STATEMENT
Title Computer Applications in Pharmaceutical Research and Development
250 ## - EDITION STATEMENT
Edition statement 1st Ed.
260 ## - PUBLICATION, DISTRIBUTION, ETC.
Date of publication, distribution, etc. 2017
Place of publication, distribution, etc. New Delhi
Name of publisher, distributor, etc. Wiley India Pvt.Ltd
300 ## - PHYSICAL DESCRIPTION
Extent 805p.
650 ## - SUBJECT ADDED ENTRY--TOPICAL TERM
Topical term or geographic name entry element Pharmacy
942 ## - ADDED ENTRY ELEMENTS (KOHA)
Koha item type Book
Holdings
Withdrawn status Lost status Damaged status Not for loan Collection Home library Current library Date acquired Source of acquisition Cost, normal purchase price Inventory number Total checkouts Full call number Barcode Date last seen Price effective from Koha item type
          MRSPTU Central Library MRSPTU Central Library 10/02/2043 Krishna Book Distributors 1495.00 KBD/2017-2018/1020543059   615.10285 EK-C P836 08/17/2023 08/17/2023 Book
          MRSPTU Central Library MRSPTU Central Library 10/02/2043 Krishna Book Distributors 1495.00 KBD/2017-2018/1020543059   615.10285 EK-C P837 08/17/2023 08/17/2023 Book
          MRSPTU Central Library MRSPTU Central Library 10/02/2043 Krishna Book Distributors 1495.00 KBD/2017-2018/1020543059   615.10285 EK-C P838 08/17/2023 08/17/2023 Book
          MRSPTU Central Library MRSPTU Central Library   Krishna Book Distributors 1495.00 KBD/19-20/1122543616   615.1028 EK-C P1626 08/17/2023 08/17/2023 Book

Website Designed and Developed by MRSPTU Central Library Team

E-mail Id: librarian@mrsptu.ac.in